Estadísticas para Capitales de las Provincias de Argentina

Haz click aquí para tomar la prueba!

Estadísticas generales

  • Esta prueba ha sido tomada 5.572 veces
  • La puntuación promedio es 12 de 23

Estadísticas de respuestas

HintRespuesta% Correcto
Buenos AiresLa Plata
90%
CórdobaCórdoba
81%
CatamarcaSan Fernando del Valle de Catamarca
80%
JujuySan Salvador de Jujuy
64%
ChacoResistencia
63%
CorrientesCorrientes
63%
MendozaMendoza
61%
FormosaFormosa
59%
ChubutRawson
57%
La RiojaLa Rioja
53%
SaltaSalta
53%
NeuquénNeuquén
51%
San JuanSan Juan
50%
San LuisSan Luis
50%
Entre RíosParaná
47%
La PampaSanta Rosa
46%
Santa FeSanta Fe
46%
MisionesPosadas
44%
TucumánSan Miguel de Tucumán
41%
Santiago del EsteroSantiago del Estero
32%
Tierra del FuegoUshuaia
32%
Río NegroViedma
31%
Santa CruzRío Gallegos
25%

Distribución de puntuación

Porcentaje por número respondido

Porcentaje de gente con cada puntuación

Historial de tus puntuaciones

No has tomado esta prueba